[Event "Chrudim op"]
[Site "Chrudim"]
[Date "2003.07.11"]
[Round "7"]
[White "Kokes, Ondrej"]
[Black "Della Rossa, Anastasia"]
[Result "0-1"]
[WhiteElo "1250"]
[BlackElo "1250"]
[PlyCount "100"]
[EventDate "2003.07.??"]
[EventType "swiss"]
[EventRounds "9"]
[EventCountry "CZE"]
[SourceTitle "EXT 2006"]
[Source "ChessBase"]
[SourceDate "2005.11.24"]
[SourceVersion "1"]
[SourceVersionDate "2005.11.24"]
[SourceQuality "1"]

1. e4 e5 2. f4 exf4 3. Nf3 Nf6 4. Nc3 Bb4 5. d3 d6 6. Bxf4 Nc6 7. Be2 Be6 8. 0-0 Qd7 9. Kh1 0-0-0 10. a3 Ba5 11. b4 Bb6 12. d4 Bg4 13. d5 Ne7 14. Bb5 c6 15. dxc6 bxc6 16. Ba6+ Kb8 17. Qd3 Ka8 18. Rfb1 h6 19. a4 g5 20. Be3 Bxe3 21. Qxe3 Bxf3 22. Qxf3 Qe6 23. b5 cxb5 24. Nxb5 Rd7 25. e5+ Nfd5 26. c4 Qxe5 27. cxd5 Qxd5 28. Qxd5+ Nxd5 29. Rd1 Nb4 30. Nxd6 Nxa6 31. Nf5 Rxd1+ 32. Rxd1 Nc5 33. a5 h5 34. Kg1 Kb7 35. Nd6+ Ka6 36. Nxf7 Rg8 37. Rd5 Nb7 38. Rxg5 Rxg5 39. Nxg5 Nd6 40. Ne6 Ne4 41. Nf4 Nf6 42. Kf2 Kxa5 43. Nxh5 Nxh5 44. g4 Nf4 45. h4 Kb5 46. h5 a5 47. Ke3 a4 48. Kxf4 a3 49. h6 a2 50. h7 a1Q 0-1

[Event "Chrudim op"]
[Site "Chrudim"]
[Date "2003.07.08"]
[Round "3"]
[White "Kokes, Ondrej"]
[Black "Hlavacek, Bedrich"]
[Result "0-1"]
[WhiteElo "1250"]
[BlackElo "1608"]
[PlyCount "66"]
[EventDate "2003.07.??"]
[EventType "swiss"]
[EventRounds "9"]
[EventCountry "CZE"]
[SourceTitle "EXT 2006"]
[Source "ChessBase"]
[SourceDate "2005.11.24"]
[SourceVersion "1"]
[SourceVersionDate "2005.11.24"]
[SourceQuality "1"]

1. e4 e5 2. f4 d6 3. Nf3 Nc6 4. Bc4 f6 5. 0-0 Bg4 6. h3 Bh5 7. Nc3 Qd7 8. Nd5 0-0-0 9. c3 Nge7 10. b4 Nxd5 11. Bxd5 Ne7 12. c4 Nxd5 13. cxd5 exf4 14. Bb2 Be7 15. Bd4 a6 16. Qb3 g5 17. Rac1 Bg6 18. Bb6 c6 19. Bxd8 Bxd8 20. dxc6 bxc6 21. Qa4 Bb6+ 22. Kh1 Kb7 23. d3 h5 24. Rc2 g4 25. Nh2 gxh3 26. Rxf4 hxg2+ 27. Kxg2 Rg8 28. Nf3 Bxe4+ 29. Kf1 Qh3+ 30. Ke1 Bxf3 31. Kd2 Qh2+ 32. Kc3 Qxf4 33. Kb2 Bd1 0-1

[Event "Chrudim op"]
[Site "Chrudim"]
[Date "2003.07.07"]
[Round "1"]
[White "Kokes, Ondrej"]
[Black "Kokes, Bohuslav"]
[Result "0-1"]
[WhiteElo "1250"]
[BlackElo "2083"]
[PlyCount "51"]
[EventDate "2003.07.??"]
[EventType "swiss"]
[EventRounds "9"]
[EventCountry "CZE"]
[SourceTitle "EXT 2006"]
[Source "ChessBase"]
[SourceDate "2005.11.24"]
[SourceVersion "1"]
[SourceVersionDate "2005.11.24"]
[SourceQuality "1"]

1. e4 Nc6 2. d4 e5 3. Nf3 exd4 4. Nxd4 Bc5 5. Be3 Qf6 6. c3 Nge7 7. Bc4 0-0 8. 0-0 a6 9. a4 d6 10. b4 Ba7 11. Nxc6 Nxc6 12. Bxa7 Rxa7 13. f4 Be6 14. Qd3 Nxb4 15. Qe2 Bxc4 16. Qxc4 Nc2 17. Ra2 Ne3 18. Qxc7 Nxf1 19. Kxf1 Qxf4+ 20. Rf2 Qc1+ 21. Ke2 Qxb1 22. Qxd6 Qxe4+ 23. Kf1 b5 24. Re2 Qf5+ 25. Rf2 Qd7 26. Qf4 0-1